Statistics for Name the WR 1 for every NFL Team 22-23

Click here to take the quiz!

General Stats

  • This quiz has been taken 58 times
  • The average score is 21 of 32

Answer Stats

HintAnswer% Correct
DolphinsTyreek Hill
94%
LionsAmon Ra St Brown
89%
CowboysCeedee Lamb
89%
RaidersDavante Adams
89%
VikingsJustin Jefferson
89%
ChargersKeenan Allen
89%
EaglesAJ Brown
87%
BillsStefon Diggs
85%
49ersDeebo Samuel
81%
RamsCooper Kupp
79%
BuccaneersMike Evans
77%
BrownsAmari Cooper
74%
SeahawksDK Metcalf
74%
BengalsJamaar Chase
74%
CardinalsDeandre Hopkins
72%
PanthersDJ Moore
72%
JetsGarrett Wilson
68%
CommandersTerry Mclaurin
66%
ChiefsJuju Smith Schuster
64%
BroncosCourtland Sutton
62%
ColtsMichael Pittman
62%
SaintsChris Olave
60%
SteelersDiontae Johnson
57%
JaguarsChristian Kirk
55%
FalconsDrake London
55%
PackersChristian Watson
49%
BearsDarnell Mooney
45%
TexansBrandin Cooks
38%
GiantsDarius Slayton
38%
PatriotsJakobi Meyers
38%
TitansRobert Woods
34%
RavensRashod Bateman
30%

Score Distribution

Percentile by Number Answered

Percent of People with Each Score

Your Score History

You have not taken this quiz